LEADER 01166nam--2200337---450 001 990001451990203316 005 20201019083256.0 035 $a000145199 035 $aUSA01000145199 035 $a(ALEPH)000145199USA01 035 $a000145199 100 $a20040225d1979----km-y0itay0103----ba 101 0 $aita 102 $aIT 105 $aa|||||||001yy 200 1 $a<> cronache di Todi$esecoli 13. - 16.$fa cura di G. Italiani...[et al.] 210 $aFirenze$cLa Nuova Italia$d1979 215 $a629 p.$cill.$d22 cm 225 2 $aQuaderni del centro per il collegamento degli studi Medievali e Umanistici nell'Università di Perugia$h4$iCronache umbre in latino volgare$v1 410 0$12001$aQuaderni del centro per il collegamento degli studi Medievali e Umanistici nell'Università di Perugia$h4$iCronache umbre in latino volgare$v1 454 1$12001 461 1$1001-------$12001 676 $a945.65 702 1$aITALIANI,$bG. 801 0$aIT$bsalbc$gISBD 912 $a990001451990203316 951 $aX.1.B. 534(XI B coll. 31/4)$b84840 L.M.$cXI B 959 $aBK 969 $aUMA 996 $aCronache di Todi$9936212 997 $aUNISA